capitales d'amérique - Statistiques

Statistiques générales
  • Ce quiz a été pris 56 fois
    33 depuis la dernière actualisation
  • Le résultat moyen est 16 sur 23
Statistiques - réponses
Hint Réponse % Correct
Mexique mexico
100%
Canada ottawa
97%
Bresil brasilia
90%
argentine buenos aires
87%
Etats -unis washington DC
87%
Chili santiago
81%
Colombie bogota
77%
Uruguay montevideo
77%
Panama panama
77%
Perou lima
74%
Cuba la havane
71%
Jamaique kingston
68%
Bolivie la paz
68%
Venezuela caracas
65%
Costa-Rica san josé
61%
Paraguay asuncion
58%
Equateur quito
58%
Guatemala guatemala city
52%
Salvador san salvador
52%
Nicaragua managua
45%
Suriname paramaribo
45%
Honduras tegucigalpa
45%
Guyana Georgetown
42%
Aucun quiz correspondant
Distribution des résultats
% des personnes avec chaque résultat
Percentile par nombre de réponses
Votre historique - résultats
Vous n’avez pas pris ce quiz depuis la dernière actualisation